Szaknyelvi szövegek
Elmentve itt :
| Dokumentumtípus: | Cikk |
|---|---|
| Megjelent: |
2000
|
| Sorozat: | Szemiotikai szövegtan
|
| Kulcsszavak: | Nyelvészet bibliográfia |
| Online Access: | http://acta.bibl.u-szeged.hu/35378 |
| LEADER | 00550nab a2200181 i 4500 | ||
|---|---|---|---|
| 001 | acta35378 | ||
| 005 | 20210722110440.0 | ||
| 008 | 161017s2000 hu o 0|| hun d | ||
| 022 | |a 0865-5960 | ||
| 040 | |a SZTE Egyetemi Kiadványok Repozitórium |b hun | ||
| 041 | |a hun | ||
| 041 | |a ger | ||
| 245 | 0 | 0 | |a Szaknyelvi szövegek |h [elektronikus dokumentum] |
| 260 | |c 2000 | ||
| 300 | |a 223-237 | ||
| 490 | 0 | |a Szemiotikai szövegtan | |
| 695 | |a Nyelvészet bibliográfia | ||
| 856 | 4 | 0 | |u http://acta.bibl.u-szeged.hu/35378/1/szemiotikai_013_223-237.pdf |z Dokumentum-elérés |